000 00527nam a2200181Ia 4500
003 GCL
008 140319s9999 xx 000 0 ara d
040 _aGCL /
_cGCL
082 0 4 _a746.43
_bع ف
100 1 _aعنايات المهدى
245 1 0 _aفن الكروشية الفيلية /
_cعنايات المهدى
260 _aالقاهرة :
_bمكتبة ابن سيناء ،
_c1989
300 _a207 ص ؛
_c24 سم
490 _a
650 0 4 _aالكروشية
650 0 4 _aشغل الابرة
942 _2ddc
_cBK
999 _c54874
_d54874